College chemistry : (Record no. 1413)

MARC details
000 -LEADER
fixed length control field 01258nac a22003011i 4500
003 - CONTROL NUMBER IDENTIFIER
control field EG-ScBUE
005 - DATE AND TIME OF LATEST TRANSACTION
control field 20250702092827.0
008 - FIXED-LENGTH DATA ELEMENTS--GENERAL INFORMATION
fixed length control field 250701s2001 ii a f b 001 0 eng d
040 ## - CATALOGING SOURCE
Original cataloging agency EG-ScBUE
Language of cataloging eng
Description conventions rda
Transcribing agency EG-ScBUE
Modifying agency EG-ScBUE
082 04 - DEWEY DECIMAL CLASSIFICATION NUMBER
Classification number 540
Item number NEB
Edition number 22
100 1# - MAIN ENTRY--PERSONAL NAME
Personal name Nebergall, William Harrison,
Dates associated with a name 1914-1978,
Relator term author.
245 10 - TITLE STATEMENT
Title College chemistry :
Remainder of title with qualitative analysis /
Statement of responsibility, etc William H. Nebergall, Indiana University, Frederic C. Schmidt, Late of Indiana University, Henry F. Holtzclaw, Jr., University of Nebraska.
250 ## - EDITION STATEMENT
Edition statement Fifth edition.
250 ## - EDITION STATEMENT
Edition statement Second Indian reprint.
264 #1 - PUBLICATION, DISTRIBUTION, ETC. (IMPRINT)
Place of publication, distribution, etc New Delhi :
Name of publisher, distributor, etc Surjeet Publications,
Date of publication, distribution, etc 2001.
300 ## - PHYSICAL DESCRIPTION
Extent xxii, 1058 pages :
Other physical details illustrations ;
Dimensions 26 cm
336 ## - CONTENT TYPE
Source rdacontent
Content type term text
Content type code txt
337 ## - MEDIA TYPE
Media type term unmediated
Source rdamedia
Media type code n
338 ## - CARRIER TYPE
Carrier type term volume
Carrier type code nc
Source rdacarrier
500 ## - GENERAL NOTE
General note Rev. ed. of: College Chemistry / William H. Nebergall, Henry F. Holtzclaw, Jr., William R. Robinson. 6th ed. c1980.
500 ## - GENERAL NOTE
General note Includes Appendices.<br/>
504 ## - BIBLIOGRAPHY, ETC. NOTE
Bibliography, etc Includes bibliographical references and index.
650 #7 - SUBJECT ADDED ENTRY--TOPICAL TERM
Topical term or geographic name as entry element Chemistry.
Source of heading or term BUEsh
655 ## - INDEX TERM--GENRE/FORM
Form subdivision Reading book
700 1# - ADDED ENTRY--PERSONAL NAME
Personal name Schmidt, Frederic Cowles,
Dates associated with a name 1904-1974,
Relator term author.
700 1# - ADDED ENTRY--PERSONAL NAME
Personal name Holtzclaw, Henry Fuller,
Dates associated with a name 1921-
Relator term author.
942 ## - ADDED ENTRY ELEMENTS (KOHA)
Koha item type Book - Borrowing
Source of classification or shelving scheme Dewey Decimal Classification
Holdings
Withdrawn status Lost status Source of classification or shelving scheme Damaged status Not for loan Collection code Home library Current library Shelving location Date acquired Source of acquisition Cost, normal purchase price Total Checkouts Full call number Barcode Date last seen Cost, replacement price Koha item type
    Dewey Decimal Classification     Baccah Central Library Central Library First floor 06/09/2010 Purchase 100.00   540 NEB 000003034 15/07/2025 125.00 Book - Borrowing